00345nam a22001097a 4500008004100000082001300041110000900054245009500063260003600158300001000194440003100204230605b xxu||||| |||| 00| 0 eng d a327bDIP d2007 aDiplomatic HistorycThe Journal of the Society for Historian of American Foreign Relations aUSAbBlackwell Publishingc2007 a800 p n4pSeptemberv31x14677709